Normal view
MARC view
- مسرحية في التعليم. تمثيل-تعلم وتعليم. أطفال-تعليم
Entry Topical Term
001 - CONTROL NUMBER
- control field: 18949
003 - CONTROL NUMBER IDENTIFIER
- control field: JO-AjAnu
005 - DATE AND TIME OF LATEST TRANSACTION
- control field: 20230606073322.0
008 - FIXED-LENGTH DATA ELEMENTS
- fixed length control field: 230606|| aca||aabn | a|a d
040 ## - CATALOGING SOURCE
- Original cataloging agency: JO-AjAnu
- Transcribing agency: JO-AjAnu
150 ## - HEADING--TOPICAL TERM
- Topical term or geographic name entry element: مسرحية في التعليم. تمثيل-تعلم وتعليم. أطفال-تعليم
670 ## - SOURCE DATA FOUND
- Source citation: Work cat.: (JO-AjAnu)9723: نصار،محمد يوسف مؤلف/صوالحة،معتصم م.مشارك, author 18948, الدراما التعليمية،نظرية وتطبيق